00461nam a2200133Ia 4500008004100000020001800041100002300059245009300082250001100175260004200186300002100228650002500249650005300274180815s9999 xx 000 0 und d a9780929921099 aMotacki, Kathleen. cKathleen Motacki, Kathleen Burke.--aNursing delegation and management of patient care / a2nd ed aSt. Louis, Missouri :bElsevierc2017 aviii, 319 pages. aMESH : nursing care. aNursing care -- organization and administration.